[Event "IECG QF.2003.0.00030"]
[Site "IECG email"]
[Date "2003.01.18"]
[Round "?"]
[White "Fees, Robert"]
[Black "Riker, James"]
[Result "1-0"]
[WhiteElo "1000"]
[BlackElo "1037"]
[PlyCount "109"]
[EventDate "2003.01.18"]
[EventType "tourn (corr)"]
[EventRounds "6"]
[SourceTitle "Corr 2008"]
[Source "ChessBase"]
[SourceDate "2008.06.24"]
[SourceVersion "1"]
[SourceVersionDate "2008.06.24"]
[SourceQuality "1"]

1. d4 d5 2. c4 c6 3. Nf3 Nf6 4. Bg5 Ne4 5. Bh4 Bf5 6. e3 Nd7 7. Nbd2 Qa5 8. Bd3 e6 9. Qc2 Bb4 10. a3 Nxd2 11. Nxd2 dxc4 12. Bxf5 Bxd2+ 13. Qxd2 Qxd2+ 14. Kxd2 c5 15. Bh3 0-0 16. Rac1 b5 17. Ke2 Rac8 18. Rhd1 Nb6 19. dxc5 Rxc5 20. Rd7 Nxd7 21. Rd1 Ne5 22. f4 Ng6 23. Bg3 Rd5 24. e4 Rxd1 25. Kxd1 Rd8+ 26. Kc2 Ne7 27. b3 Nc6 28. f5 Rd3 29. fxe6 Nd4+ 30. Kc1 Ne2+ 31. Kc2 Nxg3 32. e7 g6 33. e8Q+ Kg7 34. Qe5+ f6 35. Qxb5 Rxb3 36. Qxc4 Rxa3 37. Qc7+ Kh6 38. hxg3 a5 39. e5 fxe5 40. Qxe5 a4 41. g4 Ra2+ 42. Kb1 Rf2 43. Qe3+ Rf4 44. Qxf4+ Kg7 45. g5 h6 46. gxh6+ Kh7 47. Qg5 a3 48. Bf5 a2+ 49. Kxa2 Kg8 50. Qxg6+ Kf8 51. h7 Ke7 52. Bc2 Kd7 53. h8Q Ke7 54. Qhh7+ Kf8 55. Qgg8# 1-0